[Event "Belgrade Beopromet"]
[Site "Belgrade"]
[Date "1993.??.??"]
[Round "7"]
[White "Ciric, Dragoljub M"]
[Black "Poluljahov, Aleksandr"]
[Result "0-1"]
[WhiteElo "2395"]
[BlackElo "2515"]

1.e4 c5 2.Nf3 e6 3.Nc3 a6 4.d4 cxd4 5.Nxd4 d6 6.g3 Nf6 7.Bg2 Be7 8.O-O Qc7
9.Nce2 O-O 10.b3 Bd7 11.c4 Nc6 12.Bb2 Rac8 13.Rc1 Qb8 14.Qd2 Rfd8 15.h3 b5
16.cxb5 axb5 17.Qe3 e5 18.Nxc6 Bxc6 19.Rc2 Bb7 20.Rxc8 Rxc8 21.Rc1 Rxc1+
22.Nxc1 Qa8 23.f3 h6 24.Kh2 b4 25.Qe2 Ba6 26.Qd2 Qa7 27.a3 Nh5 28.f4 exf4
29.g4 f3 30.gxh5 Bg5 31.Qe1 Bf4+ 32.Kh1 fxg2+ 33.Kxg2 Qc5 34.axb4 Qc2+ 35.Qf2 Qxe4+
36.Qf3 Qc2+ 37.Qf2 Bb7+  0-1

[Event "Benasque op"]
[Site "Benasque"]
[Date "1993.??.??"]
[Round "6"]
[White "Vydeslaver, Alik"]
[Black "Sax, Gyula"]
[Result "1/2-1/2"]
[WhiteElo "2290"]
[BlackElo "2515"]

1.e4 c5 2.Nf3 e6 3.Nc3 a6 4.d4 cxd4 5.Nxd4 Qc7 6.Bd3 g6 7.O-O Bg7 8.Be3 d6
9.f4 Nc6 10.Nf3 Nf6 11.h3 O-O 12.f5 d5 13.exd5 exd5 14.Qd2 Qd8 15.Bc5 Re8
16.fxg6 hxg6 17.Rae1 Be6 18.Qf2 Nd7 19.Be3 Nde5 20.Nd4 Nxd4 21.Bxd4 Qg5 22.Be3 Qd8
23.Bd4 Qg5 24.Be3 Qd8 25.Bd4  1/2-1/2

[Event "Benasque op"]
[Site "Benasque"]
[Date "1993.??.??"]
[Round "6"]
[White "Tseitlin, Mark D"]
[Black "Kurajica, Bojan"]
[Result "1/2-1/2"]
[WhiteElo "2430"]
[BlackElo "2550"]

1.e4 c5 2.Nf3 e6 3.Nc3 a6 4.d4 cxd4 5.Nxd4 Qc7 6.Bd3 Nf6 7.O-O Nc6 8.Be3 Bd6
9.Nxc6 bxc6 10.f4 e5 11.f5 Be7 12.Qf3 Bb7 13.Na4 d5 14.Bb6 Qb8 15.c4 dxc4
16.Bxc4 c5 17.Bxc5 Bxc5+ 18.Nxc5 Qa7 19.b4 Bxe4 20.Qf2 Bb7 21.Nxb7 Qxb7 22.Qc5 Nd7
23.Qd6 Qb6+ 24.Qxb6 Nxb6 25.Bb3 Ke7 26.Rac1 Rhc8 27.Kf2 a5 28.Rxc8 Nxc8 29.Rc1 Nd6
30.bxa5 Rxa5 31.g4 h5 32.h3 hxg4 33.hxg4 Ne4+ 34.Ke3 Nc5 35.g5 f6 36.g6 Kd6
37.Rd1+ Ke7  1/2-1/2

[Event "Benasque op"]
[Site "Benasque"]
[Date "1993.??.??"]
[Round "8"]
[White "Torrecillas Martinez, Antonio"]
[Black "Forintos, Gyozo V"]
[Result "0-1"]
[WhiteElo "2350"]
[BlackElo "2410"]

1.e4 c5 2.Nf3 e6 3.d4 cxd4 4.Nxd4 a6 5.Nc3 Qc7 6.g3 Nf6 7.Bg2 Nc6 8.O-O Nxd4
9.Qxd4 Bc5 10.Bf4 d6 11.Qd3 h6 12.Na4 e5 13.Nxc5 dxc5 14.Be3 Be6 15.Qc3 Nd7
16.Rfd1 Rc8 17.Bf1 O-O 18.f3 Rfd8 19.Bc4 Nf8 20.a4 Rd6 21.Rxd6 Qxd6 22.Be2 Nd7
23.Rd1 Qc6 24.Qa3 Ra8 25.b3 Kh7 26.Kf2 Kh8 27.Qb2 Rc8 28.Qa3 Rf8 29.c4 f5
30.exf5 Bxf5 31.Kg2 b6 32.Qb2 a5 33.Qd2 Rf7 34.Qd5 Qxd5 35.Rxd5 Kg8 36.Bd3 Bxd3
37.Rxd3 Kf8 38.Kf2 e4 39.Rd6 Rxf3+ 40.Ke2 Ke7 41.Rc6 Rf6 42.Rc8 Rd6 43.Rg8 Kf7
44.Rd8 Rd3 45.h4 Ke6 46.Re8+ Kf7 47.Rd8 Ke7 48.Rg8 Kf6 49.Rd8 Kf5 50.Bf4 g5
51.hxg5 hxg5 52.Bc7 Kf6 53.Re8 Rxb3 54.Rxe4 Nf8 55.Bd8+ Kf5 56.Re3 Rb2+ 57.Kd3 Nd7
58.Kc3 Rb4 59.Bc7 Rb1 60.Re7 Rd1 61.Rg7 Nf6 62.Bxb6 Ra1 63.Bxc5 Ne4+ 64.Kb2 Rxa4
65.Be3 Rxc4 66.Ra7 Rb4+ 67.Ka3 Rb5 68.Rg7 Rd5 69.Bb6 Nd6 70.Ka4 Nc4 71.Bc7 Nb2+
72.Ka3 Rb5 73.Bd8 Nc4+ 74.Ka2 Kg4 75.Rc7 Ne3 76.Rc3 Nd5 77.Rc1 Nb4+ 78.Ka3 Rd5
79.Bc7 Nd3 80.Rc4+ Kf3 81.Rc3 Ke2 82.Rc6 Kf3 83.Rc3 Ke3 84.Rc6 Kd4 85.Bb6+ Ke4
86.Rc4+ Kf3 87.Bc7 Rc5 88.Rxc5 Nxc5 89.Bxa5 Kxg3 90.Bb6 Nd3 91.Kb3 Kf3 92.Kc2 Nf4
93.Kd2 Ng2 94.Bd8 g4 95.Bc7 Nf4 96.Ke1 g3 97.Bb6 Nd5 98.Bc5 Ne3 99.Bd6 g2
100.Bh2 Nc2+ 101.Kd2 Nd4 102.Bg1 Ne2 103.Bb6 Nf4 104.Ba7 Nh3 105.Ke1 Ng5
106.Bb6 Ne4 107.Ba7 Nc3 108.Bb6 Nd5  0-1

[Event "Berga op"]
[Site "Berga"]
[Date "1993.??.??"]
[Round "2"]
[White "Casas, Fernando"]
[Black "Marin, Mihail"]
[Result "0-1"]
[WhiteElo "2245"]
[BlackElo "2515"]

1.e4 c5 2.Nf3 e6 3.d4 cxd4 4.Nxd4 a6 5.Nc3 d6 6.g3 Nf6 7.Bg2 Be7 8.O-O Qc7
9.Re1 O-O 10.a4 Nc6 11.Nxc6 bxc6 12.a5 Rb8 13.b3 Rd8 14.Bd2 c5 15.Qe2 Nd7
16.Na4 Bf6 17.Ra3 Re8 18.c3 Bb7 19.b4 Bc6 20.Qd1 Bb5 21.Qb1 Ne5 22.Nb6 Bd8
23.f4 Nd3 24.Re3 c4 25.Bf1 Rxb6 26.axb6 Qb7 27.Rxd3 cxd3 28.Bxd3 Bxb6+ 29.Kg2 d5
30.e5 d4+ 31.Be4 Bc6 32.Kf3 d3 33.Qe1 f5 34.exf6 gxf6 35.Bxc6 Qxc6+ 36.Qe4 Qd7
37.Kg2 Qd5 38.Qxd5 exd5 39.Rxa6 Re2+ 40.Kh3 Rxd2  0-1

[Event "Berliner Sommer"]
[Site "Berlin"]
[Date "1993.??.??"]
[Round "1"]
[White "Pachow, Joerg"]
[Black "Stangl, Markus"]
[Result "0-1"]
[WhiteElo "2305"]
[BlackElo "2525"]

1.e4 c5 2.Nf3 e6 3.d4 cxd4 4.Nxd4 a6 5.Nc3 d6 6.Be2 b5 7.O-O Bb7 8.Re1 Nd7
9.Bh5 g6 10.Bg4 Ngf6 11.Bg5 h6 12.Bh4 Be7 13.Bxe6 fxe6 14.Nxe6 Qb6 15.Nd5 Nxd5
16.exd5 Bxh4 17.Qg4 Qxf2+ 18.Kh1 Ne5 19.Rxe5 dxe5 20.Qxg6+ Kd7 21.Qg4 Rag8
22.Nc5+ Kd6 23.Ne4+ Kc7 24.d6+ Kb6 25.Nxf2 Rxg4 26.Nxg4 Rg8 27.h3 h5  0-1

[Event "Biel op"]
[Site "Biel"]
[Date "1993.??.??"]
[Round "1"]
[White "Gallagher, Joseph G"]
[Black "Ilijin, Neboisa"]
[Result "1-0"]
[WhiteElo "2515"]
[BlackElo "2290"]

1.e4 c5 2.Nf3 e6 3.d4 cxd4 4.Nxd4 a6 5.Nc3 Qc7 6.Bd3 b5 7.O-O Bb7 8.Re1 Nc6
9.Nxc6 Bxc6 10.a4 b4 11.Nd5 Qb7 12.Qf3 Ne7 13.Ne3 Ng6 14.Nc4 Qc7 15.Be3 Rb8
16.Qg3 d6 17.a5 Bb5 18.Nb6 Qc6 19.Bd2 Ne5 20.Bxb5 Qxb5 21.Qb3 Nc6 22.c4 Qc5
23.Be3 Qe5 24.Qa4 Rxb6 25.axb6  1-0

[Event "Biel op"]
[Site "Biel"]
[Date "1993.??.??"]
[Round "6"]
[White "Tseitlin, Mark D"]
[Black "Gheorghiu, Florin"]
[Result "1/2-1/2"]
[WhiteElo "2430"]
[BlackElo "2460"]

1.e4 c5 2.Nf3 e6 3.Nc3 a6 4.d4 cxd4 5.Nxd4 Qc7 6.Bd3 Nf6 7.O-O Bd6 8.Kh1 Nc6
9.Nxc6 bxc6 10.Bg5 Bf4 11.Bxf4 Qxf4 12.Qe2 d5 13.Rae1 Bb7 14.f3 O-O 15.Qf2 Nd7
16.Ne2 Qf6 17.f4 c5 18.exd5 exd5 19.Ng3 Bc6 20.b3 a5 21.Re3 Rfe8 22.Rfe1 Rxe3
23.Qxe3 a4 24.h3 g6 25.Kh2 axb3 26.axb3 Ra1 27.Re2 Kg7 28.Qf3 Qd4 29.Re3 Qb2
30.Re8 Nf6 31.Rc8 Bd7 32.Rc7 Qd4 33.Ne2 Qb4 34.Qe3 Qe1 35.Qe5 Qh1+ 36.Kg3 Qe1+
37.Kh2 Qh1+ 38.Kg3  1/2-1/2

[Event "Bratislava op"]
[Site "Bratislava"]
[Date "1993.??.??"]
[Round "1"]
[White "Ivanov, Victor L"]
[Black "Petrik, Stanislav"]
[Result "0-1"]
[WhiteElo "2400"]
[BlackElo "2240"]

1.e4 c5 2.Nf3 e6 3.d4 cxd4 4.Nxd4 a6 5.Nc3 Ne7 6.Bd3 Nbc6 7.Nf3 d5 8.exd5 Nxd5
9.Nxd5 Qxd5 10.O-O Be7 11.Re1 O-O 12.h3 Rd8 13.Qe2 Bd7 14.Bf4 Rac8 15.a3 Bf6
16.Rad1 Qh5 17.c3 Ne7 18.Be5 Bxe5 19.Nxe5 Qxe2 20.Rxe2 Ba4 21.Rdd2 g6 22.Nf3 Nd5
23.g3 Nf6 24.Nd4 Rd5 25.Bc2 Bd7 26.Nf3 Bc6 27.Rxd5 Bxd5 28.Nd2 Kg7 29.Kf1 a5
30.Bb3 Bc6 31.Ke1 b5 32.c4 bxc4 33.Bxc4 a4 34.Kd1 h5 35.Re5 Bg2 36.Bf1 Bd5
37.Re3 Rb8 38.Kc2 Rb7 39.Rc3 g5 40.Bc4 Bg2 41.Bf1 Bxf1 42.Nxf1 Ne4 43.Rf3 f5
44.h4 Rc7+ 45.Kb1 g4 46.Re3 Kf7 47.f3 Nxg3 48.Nxg3 f4 49.Re4 fxg3 50.fxg4 g2
51.Re1 Rc4 52.Rg1 Rxg4 53.Kc2 Rg3 54.Kd1 Kf6 55.Ke1 Kf5 56.Kf2 Kg4 57.Rxg2 Rxg2+
58.Kxg2 Kxh4 59.Kf3 Kg5  0-1

[Event "Bratislava op"]
[Site "Bratislava"]
[Date "1993.??.??"]
[Round "3"]
[White "Kriz, Miroslav"]
[Black "Svobodova, Michaela"]
[Result "1-0"]
[WhiteElo "2275"]
[BlackElo "2050"]

1.e4 c5 2.Nf3 e6 3.Nc3 a6 4.d4 cxd4 5.Nxd4 b5 6.Bd3 Bb7 7.O-O d6 8.Kh1 Nf6
9.a3 Be7 10.f4 Nbd7 11.Qe1 O-O 12.Rf3 Qc7 13.Rh3 Rfe8 14.Qg3 Rad8 15.Bd2 Nc5
16.Re1 d5 17.e5 Nfe4 18.Bxe4 Nxe4 19.Nxe4 dxe4 20.Be3 Qc4 21.f5 Bf8 22.Qh4 h6
23.Bxh6 f6 24.Bxg7 Bxg7 25.exf6 Rd7 26.fxe6 Rxe6 27.Nxe6 Qxe6 28.Qh7+ Kf8
29.fxg7+ Rxg7 30.Rf1+ Rf7 31.Qxf7+ Qxf7 32.Rxf7+ Kxf7 33.Rh7+  1-0

[Event "Wch U18"]
[Site "Bratislava"]
[Date "1993.??.??"]
[Round "4"]
[White "Macionis, Andrius"]
[Black "Goban, Marek"]
[Result "1/2-1/2"]
[WhiteElo "2350"]
[BlackElo "2230"]

1.e4 c5 2.Nf3 e6 3.d4 cxd4 4.Nxd4 a6 5.Nc3 Qc7 6.Be2 b5 7.a3 Nf6 8.O-O Bb7
9.Qd3 d6 10.f4 Nbd7 11.Nb3 Be7 12.f5 e5 13.Bf3 O-O 14.g4 Nc5 15.Nxc5 dxc5
16.g5 c4 17.Qe2 Nd7 18.Be3 Bc5 19.Bxc5 Qxc5+ 20.Kh1 f6 21.Rad1 Rad8 22.Rg1 fxg5
23.Rxg5 Nf6 24.Rdg1 Rf7 25.Qg2 Rdd7 26.Qg3 a5 27.Bg2 b4 28.axb4 axb4 29.Nd5 Nxe4
30.Bxe4 Bxd5 31.Qxe5 Bxe4+ 32.Qxe4 Qd5 33.Qxd5 Rxd5 34.f6 Rxg5 35.Rxg5 Rxf6
36.Rc5 Rf1+ 37.Kg2 Rb1 38.Rxc4 Rxb2 39.Kg3 Kf7 40.Rc7+ Kf6 41.Rc6+ Ke5 42.Rc7 g6
43.h3 Ke4 44.Kg4 Ke3 45.Rc4 h6 46.h4 Rb1 47.Kg3 Rg1+ 48.Kh2 Rc1 49.Rxb4 Rxc2+
50.Kg3 Rc3 51.h5 gxh5 52.Kh4 Rc1 53.Kxh5 Rh1+ 54.Rh4 Rxh4+ 55.Kxh4 Kd3  1/2-1/2

[Event "Wch U18"]
[Site "Bratislava"]
[Date "1993.??.??"]
[Round "5"]
[White "Vavra, Pavel"]
[Black "Goban, Marek"]
[Result "1/2-1/2"]
[WhiteElo "2350"]
[BlackElo "2230"]

1.e4 c5 2.Nf3 e6 3.d4 cxd4 4.Nxd4 a6 5.Nc3 Qc7 6.Be3 Nf6 7.Bd3 Be7 8.O-O O-O
9.f4 d6 10.Qf3 Nc6 11.Rae1 Nxd4 12.Bxd4 e5 13.Be3 Be6 14.f5 Bc4 15.Rd1 b5
16.a3 Rfd8 17.Bxc4 Qxc4 18.Bg5 a5 19.Bxf6 Bxf6 20.Qd3 Qc5+  1/2-1/2

[Event "Brno-B"]
[Site "Brno"]
[Date "1993.??.??"]
[Round "8"]
[White "Sherzer, Alex"]
[Black "Stangl, Markus"]
[Result "0-1"]
[WhiteElo "2500"]
[BlackElo "2525"]

1.e4 c5 2.Nf3 e6 3.d4 cxd4 4.Nxd4 a6 5.Nc3 d6 6.a4 Nf6 7.Be2 Qc7 8.O-O Be7
9.f4 O-O 10.Kh1 b6 11.Bf3 Bb7 12.e5 Ne8 13.Be3 Nd7 14.Bxb7 Qxb7 15.Qg4 dxe5
16.Nxe6 Ndf6 17.Qh3 fxe6 18.fxe5 Qc6 19.exf6 Bxf6 20.Qf3 Qxf3 21.Rxf3 Nd6
22.Bxb6 Nc4 23.Bc5 Rfc8 24.b4 a5 25.Re1 Ne5 26.Rh3 axb4 27.Bxb4 Rc4 28.Re4 Rxa4
29.Nxa4 Rxe4 30.Rb3 Nc6 31.Nc5 Rxb4 32.Rxb4 Nxb4 33.Nxe6 Nxc2 34.g3 Ne3 35.Kg1 Kf7
36.Nf4 Bd4 37.Ne2 Bc5 38.Kf2 Ng4+ 39.Kg2 Kf6 40.h3 Ne3+ 41.Kf3 Nf5 42.Nc3 Bd6
43.Ne4+ Ke5 44.Ng5 h6 45.Ne4 Kd4 46.h4 Be5 47.h5 Bc7  0-1

[Event "Bucharest TIT-2 (Women)"]
[Site "Bucharest"]
[Date "1993.??.??"]
[Round "1"]
[White "Petrescu, Irina C"]
[Black "Gogalea, Eleonora"]
[Result "1/2-1/2"]
[WhiteElo "2115"]
[BlackElo "2055"]

1.e4 c5 2.Nf3 e6 3.d4 cxd4 4.Nxd4 a6 5.Nc3 b5 6.a3 Bb7 7.Be2 Qc7 8.O-O Nf6
9.Bf3 d6 10.Re1 Nbd7 11.Be3 Be7 12.Qd2 Ne5 13.Bg5 Nc4 14.Qc1 Rc8 15.Nd1 h6
16.Bxf6 Bxf6 17.c3 O-O 18.Ne3 Qb6 19.Ndc2 Ne5 20.Qd1 Rfd8  1/2-1/2

[Event "Bucharest CCS (Women)"]
[Site "Bucharest"]
[Date "1993.??.??"]
[Round "10"]
[White "Zlatanova, Emilia"]
[Black "Ionita, Mariana"]
[Result "1-0"]
[WhiteElo "2085"]
[BlackElo "2095"]

1.e4 e6 2.d4 c5 3.Nf3 cxd4 4.Nxd4 a6 5.Nc3 Qc7 6.g3 b5 7.a3 Bb7 8.Bg2 Nf6
9.O-O d6 10.Be3 Nbd7 11.f4 Nc5 12.e5 Bxg2 13.exd6 Qb7 14.Rf2 Bh3 15.Ndxb5 axb5
16.Bxc5 Rc8 17.b4 g6 18.a4 bxa4 19.Rxa4 Bg7 20.Ra7 Qxa7 21.Bxa7 Rxc3 22.d7+ Ke7
23.Bc5+ Rxc5 24.bxc5 Ne4 25.c6 Nxf2 26.Kxf2 e5 27.Qd5 exf4 28.Qc5+ Kd8 29.Qd6 fxg3+
30.hxg3  1-0

[Event "Budapest FS02 GM"]
[Site "Budapest"]
[Date "1993.??.??"]
[Round "?"]
[White "Pedersen, Steffen"]
[Black "Bezold, Michael"]
[Result "0-1"]
[WhiteElo "2390"]
[BlackElo "2395"]

1.e4 c5 2.Nf3 e6 3.d4 cxd4 4.Nxd4 a6 5.Nc3 Qc7 6.Bd3 Nc6 7.Nb3 Nf6 8.Qe2 Be7
9.O-O b5 10.a3 Bb7 11.f4 d6 12.Bd2 h5 13.Rae1 Rc8 14.Qf3 b4 15.axb4 Nxb4
16.f5 exf5 17.Nd5 Nfxd5 18.exd5 Nxd3 19.Qxf5 O-O 20.Qxd3 Qxc2 21.Qh3 Bd8
22.Rf5 g6 23.Ref1 Qe4 24.Qg3 Bxd5 25.R5f4 h4 26.Qf2 Qd3 27.Nd4 Bg5  0-1

[Event "Spring op"]
[Site "Budapest"]
[Date "1993.??.??"]
[Round "3"]
[White "Orgovan, Sandor"]
[Black "Tolnai, Tibor"]
[Result "1-0"]
[WhiteElo "2330"]
[BlackElo "2500"]

1.e4 c5 2.Nf3 e6 3.d4 cxd4 4.Nxd4 a6 5.Nc3 Qc7 6.Bd3 Nc6 7.Be3 Nf6 8.O-O Bd6
9.h3 O-O 10.Nxc6 dxc6 11.f4 e5 12.f5 b5 13.Qf3 Qe7 14.Rad1 Bb7 15.g4 Bc5
16.Bxc5 Qxc5+ 17.Qf2 Qxf2+ 18.Kxf2 h6 19.a4 Rfd8 20.Ke3 Rd4 21.b3 Rad8 22.Rd2 b4
23.Ne2 Nxe4 24.Rdd1 Nc3 25.Nxd4 Nxd1+ 26.Rxd1 Rxd4 27.a5 Kf8 28.Be2 c5 29.Rxd4 exd4+
30.Kf4 f6 31.h4 Ke7 32.Bd3 Kd6 33.Be2 Kc7 34.Bd3 Bc8 35.g5 hxg5+ 36.hxg5 Kd6
37.gxf6 gxf6 38.Be2 Kc6 39.Bd3 Kb7 40.Ke4 Kc6 41.Bc4 Kd6 42.Kf4 Bb7 43.Bd3 Ke7
44.Bc4 Kf8 45.Be2 Kg7 46.Bd3 Kh6 47.Kg4 Kg7 48.Kf4 Kh7 49.Kg3 Kg8 50.Kf4 Kf8
51.Bc4 Ke7 52.Bd3 Kd6 53.Be2 Kc7 54.Bc4 Kb8 55.Bd3 Ka8 56.Kg4 Bc6 57.Kh5 Bb5
58.Be4+ Kb8 59.Kg6 Kc7 60.Kxf6 Kd6 61.Kg7 Ke5 62.f6 Kxe4 63.f7 d3 64.cxd3+ Kxd3
65.f8=Q c4 66.Qf3+ Kc2 67.bxc4 Bxc4 68.Qe4+ Kc3 69.Qe1+ Kb3 70.Kf6  1-0

[Event "Budapest FS04 GM"]
[Site "Budapest"]
[Date "1993.??.??"]
[Round "4"]
[White "Zagrebelny, Sergey"]
[Black "Van Mil, Johannes A J"]
[Result "1-0"]
[WhiteElo "2490"]
[BlackElo "2435"]

1.e4 c5 2.Nf3 e6 3.Nc3 a6 4.d4 cxd4 5.Nxd4 Nc6 6.Nxc6 bxc6 7.Bd3 d6 8.O-O Nf6
9.f4 Be7 10.Qe2 Nd7 11.Be3 O-O 12.Na4 c5 13.c4 Bb7 14.Rad1 Qc7 15.Bc2 Rad8
16.Nc3 Bf6 17.Qd3 Bxc3 18.Qxc3 Nf6 19.f5 Qc6 20.Rd2 Nxe4 21.Bxe4 Qxe4 22.f6 e5
23.Bg5 g6 24.Qg3 Kh8 25.Bh6 Rfe8 26.Qg5 Re6 27.Bg7+ Kg8 28.Qh6 g5 29.Qxg5 Qg6
30.Qe3 Be4 31.Re1 Bf5 32.Rf2 Qh5 33.h3 Bg6 34.g4 Qh4 35.Bh6 Rxf6 36.Rxf6 Qxf6
37.Bg5 Qe6 38.Bxd8 Qxc4 39.Bf6 h5 40.b3  1-0

[Event "Budapest FS05 GM"]
[Site "Budapest"]
[Date "1993.??.??"]
[Round "9"]
[White "Tolnai, Tibor"]
[Black "Juhasz, Bela"]
[Result "1/2-1/2"]
[WhiteElo "2500"]
[BlackElo "2240"]

1.e4 c5 2.Nf3 e6 3.d4 cxd4 4.Nxd4 a6 5.Nc3 Qc7 6.f4 d6 7.Qf3 Nf6 8.Be3 e5
9.fxe5 dxe5 10.Nf5 Bxf5 11.Qxf5 Bb4 12.Bd2 Nc6 13.Bd3 Ne7 14.Qf3 O-O 15.O-O-O Rac8
16.Kb1 Qa5 17.Qe2 Nc6 18.a3 Bxc3 19.Bxc3 Qb6 20.Rhf1 Rfd8 21.h3 Nd4 22.Qe1 Qe6
23.Ba5 Rd7 24.Rf2 Ne8 25.Rfd2 h6 26.Be2 Nf6 27.Bd3 b5 28.Rf2 Ne8 29.g4 Nd6
30.Bf1 Nc4 31.Bxc4 Rxc4 32.Bc3 Qc6 33.Rd3 Rc7 34.Re3 f6 35.Qd1 a5 36.Rd2 Nxc2
37.Rxc2 b4 38.Qd5+ Qxd5 39.exd5 bxc3 40.Rexc3 Rxc3 41.bxc3 Rc4 42.Rc1 Kf7
43.Kc2 Ke7 44.Kb3 Rc8 45.c4 Kd6 46.Rb1  1/2-1/2

[Event "Wch U20 Girls"]
[Site "Buenos Aires"]
[Date "1993.??.??"]
[Round "?"]
[White "Gaponenko, Inna"]
[Black "Chavez, Maria de Jesus"]
[Result "1-0"]
[WhiteElo "2290"]
[BlackElo "2005"]

1.e4 c5 2.Nf3 a6 3.Nc3 e6 4.d4 cxd4 5.Nxd4 d6 6.Be2 b5 7.a4 b4 8.Na2 e5 9.Nb3 Nc6
10.c3 Rb8 11.Bc4 Nf6 12.Bg5 Be7 13.Bxf6 Bxf6 14.Qd3 O-O 15.Bd5 bxc3 16.Bxc6 Rxb3
17.bxc3 Qb6 18.Bd5 Rb2 19.O-O Bg4 20.Rab1 Be2 21.Rxb2 Qxb2 22.Qb1 Rb8 23.Qxb2 Rxb2
24.Ra1 a5 25.Nc1 Ba6 26.h3 Bd8 27.f3 Bb6+ 28.Kh2 Be3 29.Nb3 Bb6 30.Nc1 h5
31.h4 Bc8 32.Ra2 Rb1 33.Nb3 Ba6 34.Nd2 Bg1+ 35.Kg3 Re1 36.Nc4 Be3 37.Nxe3 Rxe3
38.Rb2 Rxc3 39.Rb8+ Rc8 40.Rb6 Bf1 41.Kf2 Bc4 42.Rxd6 Rc5 43.Rd8+ Kh7 44.Ke3 f5
45.f4 fxe4 46.Bxe4+ g6 47.Rd7+ Kh6 48.Rd6 exf4+ 49.Kd4  1-0

[Event "Wch U20 Girls"]
[Site "Buenos Aires"]
[Date "1993.??.??"]
[Round "?"]
[White "Villegas, Sandra"]
[Black "Cherati, Mariana"]
[Result "1/2-1/2"]
[WhiteElo "2030"]
[BlackElo "2010"]

1.e4 c5 2.Nf3 e6 3.d4 cxd4 4.Nxd4 a6 5.Nc3 Qc7 6.g3 Bb4 7.Ne2 Nf6 8.Bg2 Be7
9.O-O O-O 10.Bf4 d6 11.Qd2 Nc6 12.h3 Rb8 13.g4 Rd8 14.Rad1 b5 15.Ng3 b4 16.Nce2 Na5
17.b3 Nc6 18.g5 Ne8 19.Nh5 a5 20.Kh1 Ba6 21.Nhg3 Na7 22.h4 Rbc8 23.Rc1 Nb5
24.Rfd1 g6 25.Nf1 Bf8 26.Ne3 Bg7 27.Rg1 Nc3 28.Nxc3 Bxc3 29.Qd1 Qc5 30.Bf3 Bb2
31.Rb1 Bd4 32.Rc1 e5 33.Bg3 Bxe3 34.fxe3 Qxe3 35.Re1 Qc5 36.Qd2 Bb7 37.Kg2 Qc3
38.Qe2 Rc6 39.h5 Ba6 40.Qf2 Qc5 41.Qd2 Qc3 42.Qf2 Rdc8 43.hxg6 hxg6 44.Bd1 Qb2
45.Qd2 Qxa2 46.Re3 Rc3 47.Rxc3 Rxc3 48.Be1 Qb2 49.Kg1 a4 50.bxa4 Qa3 51.Rb1 Qxa4
52.Qd5 Rc5 53.Qd2 Rc4 54.Rxb4 Rxb4 55.Qxb4 Qxb4 56.Bxb4 Kg7 57.Bg4 Bb5 58.Kf2 f6
59.gxf6+ Kxf6 60.Kg3 Bc6 61.Bf3 Ke6 62.Kf2 Nf6 63.Ke3 g5 64.Be1  1/2-1/2

[Event "Buenos Aires FMD tt"]
[Site "Buenos Aires"]
[Date "1993.??.??"]
[Round "1"]
[White "Escandell, Juan Carlos"]
[Black "Panno, Oscar"]
[Result "0-1"]
[WhiteElo "2290"]
[BlackElo "2505"]

1.e4 c5 2.Nf3 e6 3.d4 cxd4 4.Nxd4 a6 5.Nc3 Qc7 6.Bd3 Nc6 7.Be3 Nf6 8.Nxc6 bxc6
9.O-O d5 10.Qe2 Be7 11.f4 g6 12.h3 O-O 13.Bd4 Bb7 14.exd5 cxd5 15.Qe3 Nd7
16.Ne2 a5 17.Rac1 Ba6 18.Be5 Nxe5 19.fxe5 Bc5 20.Nd4 Bxd3 21.cxd3 Qb6 22.Rf4 Rac8
23.Rb1 f6 24.Rbf1 fxe5 25.Qxe5 Rf5  0-1

[Event "Buenos Aires GEB op"]
[Site "Buenos Aires"]
[Date "1993.??.??"]
[Round "6"]
[White "Alvarez Castillo, Hector"]
[Black "Laboranti, Alberto"]
[Result "1-0"]
[WhiteElo "2195"]
[BlackElo "2195"]

1.e4 c5 2.Nc3 e6 3.Nf3 a6 4.d4 cxd4 5.Nxd4 Qc7 6.Bd3 Nf6 7.O-O Nc6 8.Nxc6 bxc6
9.Be3 d5 10.f4 h5 11.h3 Be7 12.Qf3 Bb7 13.exd5 cxd5 14.Bd4 Bc5 15.Ne2 Bxd4+
16.Nxd4 Qc5 17.c3 O-O-O 18.b4 Qb6 19.a4 Ne4 20.a5 Qa7 21.Bxe4 dxe4 22.Qg3 Rxd4
23.Qe3 Rd2 24.Qxa7 e3 25.Rf3 e2 26.Qc5+ Kb8 27.Qe5+ Ka8 28.Re1 Rhd8 29.Rxe2 Rd1+
30.Rf1 R1d5 31.Qxg7 h4 32.Qxf7 Rd3 33.b5 Rg3 34.Qxe6 axb5 35.a6 Bd5 36.Qf5 Ka7
37.Rd2  1-0

[Event "Buenos Aires FMD op"]
[Site "Buenos Aires"]
[Date "1993.??.??"]
[Round "6"]
[White "Bronstein, Luis"]
[Black "Anelli, Antonio"]
[Result "1/2-1/2"]
[WhiteElo "2420"]
[BlackElo "2305"]

1.e4 c5 2.Nf3 e6 3.Nc3 a6 4.d4 cxd4 5.Nxd4 Qc7 6.Bd3 d6 7.O-O Nf6 8.f4 b5
9.a3 Bb7 10.Qe2 Nbd7 11.Bd2 g6 12.f5 gxf5 13.exf5 e5 14.Ne6 Qc6 15.Nxf8  1/2-1/2

[Event "Calcutta op"]
[Site "Calcutta"]
[Date "1993.??.??"]
[Round "2"]
[White "Chatterjee, Laltu"]
[Black "Kirov, Nino"]
[Result "1/2-1/2"]
[WhiteElo "2260"]
[BlackElo "2505"]

1.e4 c5 2.Nf3 e6 3.d4 cxd4 4.Nxd4 a6 5.Nc3 Nc6 6.Nxc6 bxc6 7.Bd3 d5 8.O-O Nf6
9.Bf4 Be7 10.Kh1 O-O 11.Qf3 c5 12.b3 Bb7 13.Rad1 Re8 14.Qh3 g6 15.Nb1 c4
16.Bxc4 Nxe4 17.Bd3 Nc5 18.Be5 Nd7 19.Bb2 Bf6 20.Bxf6 Qxf6 21.c4 Nc5 22.cxd5 Bxd5
23.Nd2 Red8 24.Bb1 e5 25.Qe3 Rac8 26.f3 Qe7 27.Rfe1 f6 28.Ne4 Bxe4 29.Bxe4 Kg7
30.h3 Rc7 31.Kh2 h5 32.Rd5 Rxd5 33.Bxd5 Qd6 34.Bc4 e4+ 35.Kh1 exf3 36.Qxf3 Re7
37.Rd1 Qe5 38.Bd3 Nxd3 39.Qxd3 a5 40.Qd2 h4 41.a3 g5 42.Qd4 Qe2 43.Qd2 Qb5
44.b4 a4 45.Qd8 Qe2 46.Rd7 Qe1+ 47.Kh2 Qg3+ 48.Kh1  1/2-1/2

[Event "Cannes op"]
[Site "Cannes"]
[Date "1993.??.??"]
[Round "9"]
[White "Pira, Davoud"]
[Black "Velikov, Petar"]
[Result "0-1"]
[WhiteElo "2350"]
[BlackElo "2425"]

1.e4 c5 2.Nf3 e6 3.d4 cxd4 4.Nxd4 a6 5.Nc3 b5 6.Bd3 Bb7 7.f4 d6 8.a4 b4 9.Na2 Nf6
10.Qf3 Nbd7 11.Nb3 Be7 12.Be3 Qc7 13.c3 d5 14.e5 d4 15.Qe2 dxe3 16.exf6 Nxf6
17.Qxe3 Nd5 18.Qe5 Qxe5+ 19.fxe5 Nf4 20.O-O-O Bxg2 21.Rhg1 Bd5 22.c4 Nxd3+
23.Rxd3 Bxc4 24.Rh3 O-O 25.Kb1 Rfd8 26.Na5 Bd5 27.Nc1 Be4+ 28.Ka1 Rac8 29.Re1 Bd5
30.Nd3  0-1

[Event "Cappelle op"]
[Site "Cappelle la Grande"]
[Date "1993.??.??"]
[Round "2"]
[White "Henris, Luc"]
[Black "Chuchelov, Vladimir"]
[Result "0-1"]
[WhiteElo "2270"]
[BlackElo "2500"]

1.e4 c5 2.Nf3 e6 3.d4 cxd4 4.Nxd4 a6 5.Nc3 Qc7 6.Be2 Nf6 7.O-O d6 8.Be3 Be7
9.f4 O-O 10.Kh1 b5 11.Bf3 Bb7 12.e5 dxe5 13.fxe5 Nfd7 14.Bxb7 Qxb7 15.Bf4 b4
16.Nce2 Nc6 17.Nxc6 Qxc6 18.Nd4 Qc7 19.Qh5 Qc5 20.Rad1 Nf6 21.Qh3 Nd5 22.Nxe6 fxe6
23.Qxe6+ Kh8 24.Qxd5 Qxd5 25.Rxd5 g5 26.Rd7 Rae8 27.g3 gxf4 28.gxf4 Bg5 29.Rd4 Rxe5
30.Rxb4 Re2 31.c3 Be7 32.Rb6 Rf6 33.Rb8+ Kg7 34.Rb7 Kf8 35.Rf3 Rd6  0-1

[Event "Cappelle op"]
[Site "Cappelle la Grande"]
[Date "1993.??.??"]
[Round "6"]
[White "Degraeve, Jean Marc"]
[Black "Gofshtein, Leonid D"]
[Result "1/2-1/2"]
[WhiteElo "2455"]
[BlackElo "2560"]

1.e4 c5 2.Nf3 e6 3.d4 cxd4 4.Nxd4 a6 5.Nc3 Qc7 6.g3 Nf6 7.Bg2 d6 8.O-O Be7
9.Be3 O-O 10.Qe2 Nc6 11.Nxc6 bxc6 12.Na4 Rb8 13.c4 c5 14.Rad1 Bb7 15.Nc3 Nd7
16.f4 Rbd8 17.g4 Bf6 18.Qd3 Bxc3 19.bxc3 Nb6 20.f5 f6 21.fxe6 Bc8 22.Bf4 Bxe6
23.Bxd6 Qf7 24.Qg3 Rfe8 25.Bxc5 Rxd1 26.Rxd1 Nxc4 27.Rb1 Ne5 28.g5 Bxa2 29.Rb2 Bc4
30.gxf6 Qxf6 31.Rf2 Qe6 32.Bd4 Re7 33.Qf4 h6 34.Qf8+ Kh7 35.Qf5+ Qxf5 36.Rxf5 Ng6
37.Rc5 Bd3 38.e5 Nf4 39.Bf1 Bxf1 40.Kxf1 g5 41.Rc8 Kg6 42.Kf2  1/2-1/2

[Event "Cattolica"]
[Site "Cattolica"]
[Date "1993.??.??"]
[Round "4"]
[White "Kyas, Juergen"]
[Black "Sulava, Nenad"]
[Result "1/2-1/2"]
[WhiteElo "2265"]
[BlackElo "2430"]

1.e4 c5 2.Nf3 e6 3.d4 cxd4 4.Nxd4 a6 5.Nc3 Qc7 6.g3 Bb4 7.Bd2 Ne7 8.Bg2 Nec6
9.Nxc6 Nxc6 10.O-O O-O 11.Qe2 Rd8 12.Rfd1 Ne7 13.a4 b6 14.Nd5 exd5 15.exd5  1/2-1/2

[Event "Cattolica"]
[Site "Cattolica"]
[Date "1993.??.??"]
[Round "9"]
[White "Tolnai, Tibor"]
[Black "Schlosser, Philipp"]
[Result "1-0"]
[WhiteElo "2490"]
[BlackElo "2550"]

1.e4 c5 2.Nf3 e6 3.d4 cxd4 4.Nxd4 a6 5.Nc3 Qc7 6.f4 b5 7.Bd3 Bb7 8.Qf3 Nf6
9.Be3 Nc6 10.O-O-O b4 11.Nce2 Na5 12.g4 d5 13.e5 Nd7 14.Kb1 Nc4 15.Bc1 Qb6
16.Rhf1 Bc5 17.Nb3 Be7 18.Qf2 Qxf2 19.Rxf2 g5 20.fxg5 Ndxe5 21.h3 a5 22.Ng3 a4
23.Nd4 Bc5 24.Bxc4 Nxc4 25.Nh5 Rc8 26.Nf6+ Ke7 27.Re2 Kd8 28.h4 Nb6 29.b3 a3
30.Bf4 Nd7 31.Nxd7 Kxd7 32.Be5 Rhf8 33.Rf2 Ke7 34.Bf6+  1-0

[Event "Cattolica"]
[Site "Cattolica"]
[Date "1993.??.??"]
[Round "9"]
[White "Cocozza, Mario"]
[Black "Voskanian, Vahagn"]
[Result "0-1"]
[WhiteElo "2350"]
[BlackElo "2275"]

1.e4 c5 2.Nf3 e6 3.d4 cxd4 4.Nxd4 a6 5.Nc3 Qc7 6.g3 Nf6 7.Bg2 Be7 8.O-O d6
9.h3 Bd7 10.Be3 Nc6 11.f4 Rc8 12.a4 Na5 13.Rf2 O-O 14.Nb3 Nc4 15.Bc1 b6 16.Qe1 Bc6
17.Nd2 Nxd2 18.Bxd2 d5 19.e5 Nd7 20.Be3 Bb4 21.Bd4 Nc5 22.Qe3 Bxc3 23.Qxc3 Nxa4
24.Qe3 a5 25.g4 Qe7 26.f5 Qh4 27.f6 g6 28.Qd2 Nc5 29.Rf4 g5 30.Rff1 Ne4 31.Bxe4 dxe4
32.Qe3 Bd5 33.Rf2 Rc6 34.b3 b5 35.Rxa5 Rb8 36.Kh2 Rbc8 37.Ra2 b4 38.Re2 Rc3
39.Bxc3 Rxc3 40.Rd2 h5 41.Qxc3 bxc3 42.Rg2 e3 43.Rg3 hxg4 44.Ra1 Qh7  0-1

[Event "Ceske Budejovice op"]
[Site "Ceske Budejovice"]
[Date "1993.??.??"]
[Round "1"]
[White "Roj, Miroslav"]
[Black "Golod, Vitali"]
[Result "1/2-1/2"]
[WhiteElo "2135"]
[BlackElo "2490"]

1.e4 c5 2.Nf3 e6 3.Nc3 a6 4.d4 cxd4 5.Nxd4 Qc7 6.Bd3 Nf6 7.O-O Nc6 8.Nxc6 bxc6
9.f4 d6 10.Qe2 e5 11.f5 Be7 12.b3 d5 13.Na4 g6 14.exd5 cxd5 15.Bb2 e4 16.Bxe4 Nxe4
17.Bxh8 Bxf5 18.Bd4 Bd6 19.Kh1  1/2-1/2